MARC

LEADER 00000nas a2200000 a 4500
001 ssj0037944
003 WaSeSS
005 20200512172242.0
006 m d
007 cr n
008 900313d19892009xxuar s 0 a0eng c
010 |a  91001290  
022 |l 1057-0292  |y 1057-0292 
035 |a (WaSeSS)ssj0037944 
037 |b Laurie Hicks, CSTAE Treasurer, Dept. of Art, Carnegie Hall, University of Maine, Orono, Maine 04469-0112 
040 |a KEU  |b eng  |c KEU  |d NSD  |d OCLCQ  |d CDS  |d OCLCQ  |d CUS  |d OCLCO  |d UPM  |d OCLCF  |d OCLCO  |d WaSeSS 
042 |a nsdp  |a pcc 
050 4 |a N81  |b .J60 
082 1 0 |a 700  |2 12 
210 0 |a J. soc. theory art educ. 
222 4 |a The Journal of social theory in art education 
245 0 4 |a The journal of social theory in art education  |h [electronic resource]. 
246 1 3 |a JSTAE 
260 |a [S.l.] :  |b Caucus on Social Theory & Art Education 
310 |a Annual 
362 1 |a Began with No. 9 (Apr. 1989); ceased in print format with vol. 28/29 (2009). 
506 |a License restrictions may limit access. 
550 |a The Caucus on Social Theory & Art Education is an affiliate of the National Art Education Association. 
588 |a Description based on: No. 9 (Apr. 1989); title from cover. 
588 |a Latest issue consulted: vol. 28/29 (2009). 
650 0 |a Art  |x Study and teaching  |v Periodicals. 
650 0 |a Arts and society  |v Periodicals. 
650 7 |a Art  |x Study and teaching.  |2 fast  |0 (OCoLC)fst00815338 
650 7 |a Arts and society.  |2 fast  |0 (OCoLC)fst00817856 
655 0 |a Electronic journals. 
710 2 |a Caucus on Social Theory and Art Education. 
710 2 |a National Art Education Association. 
780 0 0 |t Bulletin of the Caucus on Social Theory and Art Education  |w (OCoLC)55506061 
856 4 0 |z Full text available from Research Library: 01/01/2005 to 01/31/2009  |u https://search.proquest.com/publication/28713 
856 4 0 |z Full text available from Research Library: 01/01/2010 to present  |u https://search.proquest.com/publication/2026819